01819 a2200277 4500003000500000005001700005010001600022020002200038020002600060020002600086020002600112020003000138040000900168082001900177245010300196250001200299260008300311300003500394505080200429650004001231650004301271650004501314700002201359856008601381856007401467Nust20221124112020.0 a 92008876 a052143064X (book) a0521437164 (diskette) a0521437172 (diskette) a0521437199 (diskette) a0521437210 (example book) cNust00a519.402855,PRE00aNumerical recipes in FORTRAN :bthe art of scientific computing / cWilliam H. Press ... [et al.]. a2nd ed. aCambridge [England] ;aNew York, NY, USA :bCambridge University Press,c1992. axxvi, 963 p. :bill. ;c26 cm. aPrelimenaries (Page-1), Solution of Linear Algebraic Equations (Page-22), Interpolation and Extrapolation (Page-99), Integration of Functions (Page-123), Evaluation of Functions (Page-159), Special Functions (Page-205), Random Numbers (Page-266), Sorting (Page-320), Root Finding and Nonlinear Sets of Equations (Page-340), Minimization or Maximization of Functions (Page-387), Eigensystems (Page-449), Fast Fourier Transform (Page-490), Fourier and Spectral Applications (Page-530), Statistical Description of Data (Page-603), Modeling of Data (Page-650), Integrarion of Ordinary Differential Equations (Page-701), Two Point Boundary Value Problems (Page-745), Integral Equatios and Inverse Theory (Page-779), Partial Differential Equations (Page-818), Less Numerical Algorithms (Page-881).r, 0aFORTRAN (Computer program language) 0aNumerical analysisxComputer programs. 0aSciencexMathematicsxComputer programs.1 aPress, William H.413Publisher descriptionuhttp://www.loc.gov/catdir/description/cam041/92008876.html413Table of contentsuhttp://www.loc.gov/catdir/toc/cam041/92008876.html